| 000 | 00992nam0a22002531 4500 | ||
|---|---|---|---|
| 001 | rc\948714 | ||
| 005 | 20260406201015.0 | ||
| 035 | _a(NLR Aleph) 006120597 | ||
| 090 |
_a5456686 _c5456686 |
||
| 100 | _a20041129d1982 |||y0rusy50 ca | ||
| 101 | 0 | _arus | |
| 102 | _aRU | ||
| 105 | _ay ||||||||| | ||
| 200 | 1 |
_aМетодическое пособие для рассмотрения проблем развития народного хозяйства Эстонской ССР _fЦСУ ЭССР _g[Сост. Г.К. Кимаск] |
|
| 210 |
_aТаллин _cБ. и. _d1982 |
||
| 215 |
_a49 с., включ. обл. _d20 |
||
| 225 | 1 |
_aВ помощь лектору _fО-во "Знание" ЭССР |
|
| 702 | 1 |
_aКимаск _bГ.К. _gГеоргий Карлович _4220 |
|
| 712 | 0 | 2 |
_a"Знание", общество ЭССР _cТаллин _3RU\NLR\AUTH\889960595 _9417466 |
| 801 | 0 |
_aRU _bNLR _gpsbo |
|
| 801 | 1 |
_aRU _bELAR _2rusmarc |
|
| 852 |
_aNLR _j83-4/9190 |
||
| 942 | _cBOOK | ||
| 980 | _aNB | ||